El gato negro / (Registro nro. 3991)

Detalles MARC
000 -LEADER
fixed length control field 01376nam a2200313Ia 4500
003 - CONTROL NUMBER IDENTIFIER
control field OSt
005 - DATE AND TIME OF LATEST TRANSACTION
control field 20250801150130.0
008 - FIXED-LENGTH DATA ELEMENTS--GENERAL INFORMATION
fixed length control field 191128s2007 sp a gr 000 j spa d
020 ## - INTERNATIONAL STANDARD BOOK NUMBER
International Standard Book Number 9788466705660
040 ## - CATALOGING SOURCE
Original cataloging agency CO-JMCR
Transcribing agency CO-JMCR
041 ## - LANGUAGE CODE
Language code of text/sound track or separate title spa
082 04 - DEWEY DECIMAL CLASSIFICATION NUMBER
Classification number J-C
Item number POEg
100 ## - MAIN ENTRY--PERSONAL NAME
Personal name Poe, Edgar Allan
Dates associated with a name 1809-1849
Relator term autor
9 (RLIN) 4497
245 #0 - TITLE STATEMENT
Title El gato negro /
245 #0 - TITLE STATEMENT
Statement of responsibility, etc. Edgar Allan Poe ; traducción Doris Rolfe ; presentación Alfredo Arias ; ilustración Enrique Flores
250 ## - EDITION STATEMENT
Edition statement Quinta edición
260 ## - PUBLICATION, DISTRIBUTION, ETC.
Place of publication, distribution, etc. España
260 ## - PUBLICATION, DISTRIBUTION, ETC.
Name of publisher, distributor, etc. Anaya
260 ## - PUBLICATION, DISTRIBUTION, ETC.
Date of publication, distribution, etc. 2007
300 ## - PHYSICAL DESCRIPTION
Extent 22 páginas
300 ## - PHYSICAL DESCRIPTION
Other physical details ilustraciones en blanco y negro
300 ## - PHYSICAL DESCRIPTION
Dimensions 20 cm
440 ## - SERIES STATEMENT/ADDED ENTRY--TITLE
Title Tus libros selección ; 18
9 (RLIN) 4498
505 ## - FORMATTED CONTENTS NOTE
Formatted contents note El gato negro -- Manuscrito hallado en una botella -- Un descenso al Maelström -- El entierro prematuro -- Los hechos en el caso del señor Valdemar -- El corazón delator -- El tonel de amontillado -- Hop-Frog -- El pozo y el péndulo -- Berenice
520 ## - SUMMARY, ETC.
Summary, etc. Uno de los rasgos carcaterísticos de Edgar Allan Poe en su tratamiento del terror consiste en la mezcla de elementos terroríficos en sí mismo con otros que producen el mismo efecto con vía indirecta.
650 ## - SUBJECT ADDED ENTRY--TOPICAL TERM
Topical term or geographic name entry element Cuentos Estadounidenses
9 (RLIN) 767
799 ## - LOCAL ADDED ENTRY--UNIFORM TITLE (RLIN)
Uniform title Rolfe, Doris, traductor ; Arias, Alfredo, presentación ; Flores, Enrique, ilustrador
942 ## - ADDED ENTRY ELEMENTS (KOHA)
Source of classification or shelving scheme Dewey Decimal Classification
Koha item type Books
Existencias
Withdrawn status Lost status Source of classification or shelving scheme Damaged status Not for loan Collection code Home library Current library Date acquired Source of acquisition Cost, normal purchase price Total Checkouts Total Renewals Full call number Barcode Date last seen Date last checked out Copy number Koha item type
    Dewey Decimal Classification     Fiction Biblioteca Pública José María del Castillo y Rada Biblioteca Pública José María del Castillo y Rada 11/28/2019 Donación 0.00 17 13 J-C POEg 201808783 04/27/2026 04/27/2026 Ej.1 Books